| 000 | 01679nam a2200301Ia 4500 | ||
|---|---|---|---|
| 999 |
_c34542 _d34542 |
||
| 001 | 297 | ||
| 003 | GE_BSU | ||
| 005 | 20200204155839.0 | ||
| 008 | 181216s||||||||ge |||||||||||||| ||geo|| | ||
| 020 | _a9789941016851 | ||
| 040 | _cGE_BSU | ||
| 041 | _ageo | ||
| 080 | _a612(075.8) ა-26 | ||
| 245 |
_aადამიანის ფიზიოლოგიის საფუძვლები : _bსახელმძღვ. უმაღლ. სამედ. სასწ. სტუდ. / _cშედგენაში მონაწილეობდნენ: გურამ სანადირაძე, დარეჯან მჟავანაძე, გიორგი ჭიჭინაძე [და სხვ.] ; ირინე კვაჭაძის რედ. |
||
| 264 |
_aთბ. : _bთსსუ, _c2009. |
||
| 300 |
_a382 გვ.: _b სურ. ; _c27 სმ. |
||
| 500 | _a ეძღვება პროფ. არჩილ ასათიანის ხსოვნას. | ||
| 501 | _aდანართი: გვ. 380-381. | ||
| 504 | _aბიბლიოგრ.: გვ. 382. | ||
| 653 | _aსახელმძღვანელო | ||
| 653 | _aადამიანის ფიზიოლოგია | ||
| 700 |
_a სანადირაძე, გურამ _96800 |
||
| 700 |
_aმჟავანაძე, დარეჯან _96801 |
||
| 700 |
_aჭიჭინაძე, გიორგი _96802 |
||
| 700 |
_aდუმბაძე, ზაზა და სხვ. _eშემდგენელი _96803 |
||
| 700 |
_aკვაჭაძე, ირინე _eრედაქტორი _96804 |
||
| 942 |
_cBK _2udc |
||